000 00926nam a22001697a 4500
999 _c63371
_d63371
003 Ge_BSU
005 20250925190826.0
008 250925s1970 ge ||||| |||| 00| 0 geo d
041 _ageo
080 _a911.63(479.22)(075.8) ზ-33
100 _aზარდალიშვილი, გრიგოლ
_925882
245 _aსაქართველოს სსრ ეკონომიური დარაიონება :
_b[დამხმ. სახელმძღვ. პედ. ინ-ტების სტუდენტებისათვის] /
_cგრიგოლ ზარდალიშვილი.
264 _aთბილისი :
_b განათლება,
_c1970.
300 _a248 გვ. :
_bილ. და ცხრილ. ;
_c22 სმ.
653 _aსაქართველოს ეკონომიური დარაიონება
942 _2udc
_cᲬᲘᲒᲜᲘ